| 000 | 00370nam a2200157Ia 4500 | ||
|---|---|---|---|
| 008 | 230312s9999||||xx |||||||||||||| ||und|| | ||
| 020 | _a0399516999 | ||
| 082 |
_a808.56 _bGLA-S |
||
| 100 | _aLillian Glass PH.D. | ||
| 245 | 0 | _aSay it right | |
| 260 |
_bPerigree Books _aNew York _c1992 |
||
| 300 | _a240 | ||
| 546 | _aEng. | ||
| 650 |
_aAviation _vLiterature |
||
| 942 | _cBK | ||
| 999 |
_c199 _d199 |
||